00501nam a22001692 4500001001100000005001700011008004100028020001700069040001500086050002400101100003400125245006900159250001200228260003700240300001600277650003800293000000219620151217155202.0070404s xx 000 0 eng d a0412357909 : aKABUcKABU 0aHF5681b.B2A24 19901 aAlexander, David.@000011064110aFinancial reporting :bthe theoretical and regulatory framework. a2nd ed. aLondon :bChapman & Hall,c1990. axiv, 404 p. 0aFinancial statements.@0000151467